Dealing with the Japanese

Guardat en:
Dades bibliogràfiques
Autor principal: Zimmerman, Mark A.
Format: Llibre
Idioma:Undetermined
Publicat: London Unwin Paperbacks 1985
Matèries:
Etiquetes: Afegir etiqueta
Sense etiquetes, Sigues el primer a etiquetar aquest registre!
Thư viện lưu trữ: Trung tâm Học liệu Trường Đại học Cần Thơ
LEADER 00510nam a2200193Ia 4500
001 CTU_87791
008 210402s9999 xx 000 0 und d
082 |a 952.04 
082 |b Z73 
100 |a Zimmerman, Mark A. 
245 0 |a Dealing with the Japanese 
245 0 |c Mark A. Zimmerman 
260 |a London 
260 |b Unwin Paperbacks 
260 |c 1985 
650 |a Japan 
650 |x Social life and customs 
904 |i Trọng Hiếu 
980 |a Trung tâm Học liệu Trường Đại học Cần Thơ